Heat transfer (Record no. 3641)

000 -LEADER
fixed length control field 00564nam a2200229 a 4500
001 - CONTROL NUMBER
control field 3641
003 - CONTROL NUMBER IDENTIFIER
control field BD-DhUET
008 - FIXED-LENGTH DATA ELEMENTS--GENERAL INFORMATION
fixed length control field 960506s1997 nyua b 001 0 eng
020 ## - INTERNATIONAL STANDARD BOOK NUMBER
International Standard Book Number 0071143203
020 ## - INTERNATIONAL STANDARD BOOK NUMBER
International Standard Book Number 0078447852
040 ## - CATALOGING SOURCE
Original cataloging agency DLC
Transcribing agency DLC
Modifying agency BD-DhUET
082 00 - DEWEY DECIMAL CLASSIFICATION NUMBER
Classification number 621.011
Item number HOL/1997
100 1# - MAIN ENTRY--PERSONAL NAME
Personal name Holman, J. P.
245 10 - TITLE STATEMENT
Title Heat transfer
250 ## - EDITION STATEMENT
Edition statement 8th ed.
260 ## - PUBLICATION, DISTRIBUTION, ETC. (IMPRINT)
Place of publication, distribution, etc. New York
Name of publisher, distributor, etc. McGraw-Hill
Date of publication, distribution, etc. 1997
300 ## - PHYSICAL DESCRIPTION
Extent xviii, 696 p.
Other physical details ill.
490 ## - SERIES STATEMENT
Series statement Schaum's outline series
504 ## - BIBLIOGRAPHY, ETC. NOTE
Bibliography, etc Includes bibliographies
650 #0 - SUBJECT ADDED ENTRY--TOPICAL TERM
Topical term or geographic name as entry element Heat transfer
942 ## - ADDED ENTRY ELEMENTS (KOHA)
Koha item type General Book
Holdings
Koha item type Koha date last borrowed Shelving location Sublocation or collection (holding branch) Damaged status Not for loan Copy number Lost status Location (home branch) Date acquired Koha date last seen Price effective from Koha normalized classification for sorting Source of classification or shelving scheme Withdrawn status Koha full call number Koha out on loan Piece designation (barcode) Koha issues (times borrowed)
General Book2025-04-27Circulation sectionCentral Library, BUET  1 Central Library, BUET2014-11-032025-04-272014-11-03621_011000000000000_HOL_1997  621.011/HOL/19972025-05-11924503
General Book Circulation sectionCentral Library, BUET  2 Central Library, BUET2014-11-032014-11-032014-11-03621_011000000000000_HOL_1997  621.011/HOL/1997 92452 
General Book Circulation sectionCentral Library, BUET  3 Central Library, BUET2014-11-032016-07-302014-11-03621_000000000000000_011HOL1997  621.011/HOL/1997 92453 
General Book2022-01-09Circulation sectionCentral Library, BUET  4 Central Library, BUET2014-11-032022-06-082014-11-03621_000000000000000_011HOL1997  621.011/HOL/1997 924541
General Book2024-10-02Circulation sectionCentral Library, BUET  5 Central Library, BUET2014-11-032024-10-282014-11-03621_000000000000000_011HOL1997  621.011/HOL/1997 924552
General Book2023-12-10Circulation sectionCentral Library, BUET  6 Central Library, BUET2014-11-032024-08-312014-11-03621_000000000000000_011HOL1997  621.011/HOL/1997 924573
General Book Circulation sectionCentral Library, BUET  7 Central Library, BUET2014-11-032014-11-032014-11-03621_000000000000000_011HOL1997  621.011/HOL/1997 92459 
General Book2024-03-12Circulation sectionCentral Library, BUET  8 Central Library, BUET2014-11-032024-08-282014-11-03621_011000000000000_HOL_1997  621.011/HOL/1997 924601
General Book2024-04-08Circulation sectionCentral Library, BUET  9 Central Library, BUET2014-11-032024-06-222014-11-03621_000000000000000_011HOL1997  621.011/HOL/1997 924611
General Book2024-12-10Circulation sectionCentral Library, BUET  10 Central Library, BUET2014-11-032025-03-122014-11-03621_000000000000000_011HOL1997  621.011/HOL/1997 924625
General Book2015-03-04Circulation sectionCentral Library, BUET  11 Central Library, BUET2014-11-032017-05-032014-11-03621_000000000000000_011HOL1997  621.011/HOL/1997 924641
General Book2019-06-17Circulation sectionCentral Library, BUET  12 Central Library, BUET2014-11-032019-07-102014-11-03621_000000000000000_011HOL1997  621.011/HOL/1997 924653
General Book2022-05-24Circulation sectionCentral Library, BUET  13 Central Library, BUET2014-11-032022-06-082014-11-03621_000000000000000_011HOL1997  621.011/HOL/1997 924663
General Book Circulation sectionCentral Library, BUET  14 Central Library, BUET2015-04-122015-04-122015-04-12621_011000000000000_HOL_1997  621.011 HOL/1997 92468 
Reading Item Reading sectionCentral Library, BUET  15 Central Library, BUET2015-07-022015-07-022015-07-02621_011000000000000_HOL_1997  621.011/HOL/1997 92447 
Reading Item Reading sectionCentral Library, BUET  16 Central Library, BUET2015-07-092015-07-092015-07-09621_011000000000000_HOL_1997  621.011/HOL/1997 92446